Zelený unilateralizmus ak podporujete udržateľný rast, nemusíte čakať, kým sa iní rozhýbu

Ako dosiahnuť trvalo udržateľný rozvoj, ilustrujú nezhody v otázkach aký má "zelený rast" potenciál. Pojmy "clean tech", "smart financing" či "investment-grade". Verejná politika a hospodársky rast, ktorý už nebude poškodzovať životné prostredie.

Guardado en:
Detalles Bibliográficos
Autor principal: Zadek, Simon
Formato: Capítulo de libro
Lenguaje:eslovaco
Materias:
Etiquetas: Agregar Etiqueta
Sin Etiquetas, Sea el primero en etiquetar este registro!

MARC

LEADER 00000naa a2200000 4500
001 0157420
005 20220725111730.1
041 0 |a slo 
044 |a SK 
245 1 0 |a Zelený unilateralizmus  |b ak podporujete udržateľný rast, nemusíte čakať, kým sa iní rozhýbu  |c Simon Zadek 
520 |a Ako dosiahnuť trvalo udržateľný rozvoj, ilustrujú nezhody v otázkach aký má "zelený rast" potenciál. Pojmy "clean tech", "smart financing" či "investment-grade". Verejná politika a hospodársky rast, ktorý už nebude poškodzovať životné prostredie. 
610 2 0 |a rozvoj trvalo udržateľný 
610 2 0 |a ekonomika ekologická 
610 2 0 |a prostredie životné 
610 2 0 |a znečistenie prostredia životného 
610 2 0 |a kontrola znečistenia 
610 2 0 |a zodpovednosť spoločenská 
610 2 0 |a politika environmentálna 
100 1 |a Zadek, Simon